Normal view
MARC view
- Country life
Entry Topical Term
001 - CONTROL NUMBER
- control field: 12242
003 - CONTROL NUMBER IDENTIFIER
- control field: NUST
005 - DATE AND TIME OF LATEST TRANSACTION
- control field: 20180802101011.0
008 - FIXED-LENGTH DATA ELEMENTS
- fixed length control field: 180802|| aca||aabn | a|a d
040 ## - CATALOGING SOURCE
- Original cataloging agency: NUST
- Transcribing agency: NUST
150 ## - HEADING--TOPICAL TERM
- Topical term or geographic name entry element: Country life
- Geographic subdivision: Russia
- Form subdivision: Fiction.
670 ## - SOURCE DATA FOUND
- Source citation: Work cat.: (NUST)0: Turgenev, Ivan Sergeevich, 1818-1883. 12241, A hunter's sketches ., 1979.
